| 000 | 00735cam a2200229 i 4500 | ||
|---|---|---|---|
| 999 |
_c114388 _d114388 |
||
| 001 | 19819582 | ||
| 005 | 20191028095835.0 | ||
| 008 | 170720t20182018paua b 001 0 eng | ||
| 020 | _a9789352703197 (alk. paper) | ||
| 040 | _cPK-LaUMT | ||
| 082 | 0 | 0 |
_a615.82 _223 _bKIS-T |
| 100 | 1 | _aKisner, Carolyn | |
| 245 | 1 | 0 |
_aTherapeutic exercise : _bfoundations and techniques / _cby Carolyn Kisner, Lynn Allen Colby and John Borstad |
| 250 | _a7th ed. | ||
| 260 |
_aPhiladelphia : _bF. A. Davis Company, _c2018 |
||
| 300 |
_axxxiv, 1081 p. : _billustrations (chiefly color) ; _c29 cm |
||
| 650 | 1 | 2 | _aExercise Therapy |
| 650 | 2 | 2 | _aPhysical Therapy Modalities |
| 700 | 1 | _aColby, Lynn Allen, | |
| 700 | 1 | _aBorstad, John, | |
| 942 | _cBK | ||